Basic electromagnetism

Contents: Chapter1: The Motion of charged particles; Chapter 2: The Electromagnetic Field; Chapter 3: Maxwell's Equations; Chapter 4: Electroagnetic Potentials

সংরক্ষণ করুন:
গ্রন্থ-পঞ্জীর বিবরন
প্রধান লেখক: Cowan, Eugene W.
বিন্যাস: গ্রন্থ
ভাষা:Undetermined
প্রকাশিত: New York Academic Press 1968
বিষয়গুলি:
ট্যাগগুলো: ট্যাগ যুক্ত করুন
কোনো ট্যাগ নেই, প্রথমজন হিসাবে ট্যাগ করুন!
Thư viện lưu trữ: Trung tâm Học liệu Trường Đại học Cần Thơ
LEADER 00668nam a2200193Ia 4500
001 CTU_2634
008 210402s9999 xx 000 0 und d
082 |a 537.1 
082 |b C874 
100 |a Cowan, Eugene W. 
245 0 |a Basic electromagnetism 
245 0 |c Eugen W. Cowan 
260 |a New York 
260 |b Academic Press 
260 |c 1968 
520 |a Contents: Chapter1: The Motion of charged particles; Chapter 2: The Electromagnetic Field; Chapter 3: Maxwell's Equations; Chapter 4: Electroagnetic Potentials 
650 |a Electromagnetism,Điện từ 
904 |i Minh,Gia Linh,Hải 
980 |a Trung tâm Học liệu Trường Đại học Cần Thơ